KNOWLEDGE MANAGEMENT FOR COMPETITIVE ADVANTAGE C (Record no. 2440)

MARC details
000 -LEADER
fixed length control field 00365nam a2200133Ia 4500
008 - FIXED-LENGTH DATA ELEMENTS--GENERAL INFORMATION
fixed length control field 240624s9999 xx 000 0 und d
041 ## - LANGUAGE CODE
Language code of text/sound track or separate title eng
082 ## - DEWEY DECIMAL CLASSIFICATION NUMBER
Classification number 658.4038 CHA
100 ## - MAIN ENTRY--PERSONAL NAME
Personal name CHAUDHARY HARISH CHANDRA
245 ## - TITLE STATEMENT
Title KNOWLEDGE MANAGEMENT FOR COMPETITIVE ADVANTAGE C
260 ## - PUBLICATION, DISTRIBUTION, ETC.
Date of publication, distribution, etc. 2005
Place of publication, distribution, etc. New Delhi
Name of publisher, distributor, etc. Excel Books
300 ## - PHYSICAL DESCRIPTION
Extent xviii, : 161 : cm. ; 22
365 ## - TRADE PRICE
Currency code RS
Holdings
Withdrawn status Lost status Damaged status Not for loan Home library Current library Shelving location Date acquired Source of acquisition Cost, normal purchase price Total Checkouts Total Holds Full call number Barcode Date due Date last seen Date last checked out Copy number Price effective from Koha item type
        IMTN IMTN Rack 29-A 04/21/2005 EB 150.00 1 8871 658.4038 CHA 2440 01/22/2026 01/12/2026 01/12/2026 1 06/24/2024 Books
Designed & Maintained by: LRC IMT Nagpur Contact: lrc@imtnag.ac.in© 2024. All Rights Reserved.